000 00300nam a2200121Ia 4500
008 191201s2018 xx 000 0 und d
100 _aAGGRAWAL, Rajneesh
245 0 _aComputer networks and internet
260 _aN. delhi
_bVikas Pub
_c2018
300 _a417
650 _aB.Tech(CSE)
942 _2ddc
_cBK
999 _c338
_d338